[Event "Arco op 31st"]
[Site "Arco"]
[Date "2009.10.20"]
[Round "4"]
[White "Del Nevo, Claudio"]
[Black "Cento, Claudio"]
[Result "1-0"]
[WhiteElo "1858"]
[BlackElo "1661"]
[PlyCount "139"]
[EventDate "2009.10.17"]
[EventType "swiss"]
[EventRounds "9"]
[EventCountry "ITA"]
[SourceTitle "EXT 2010"]
[Source "ChessBase"]
[SourceDate "2010.11.25"]
[SourceVersion "1"]
[SourceVersionDate "2010.11.25"]
[SourceQuality "1"]

1. d4 Nf6 2. Nf3 g6 3. Bg5 Bg7 4. Bxf6 Bxf6 5. c3 d6 6. e3 Bf5 7. Bd3 Bxd3 8. Qxd3 Nd7 9. Nbd2 c5 10. d5 a6 11. h4 h6 12. g4 b5 13. Ne4 Bg7 14. h5 g5 15. Rb1 Qa5 16. a3 c4 17. Qc2 Qc7 18. Rd1 Qb7 19. Ng3 Nc5 20. Nf5 Bf6 21. 0-0 0-0-0 22. e4 Nd3 23. N5d4 e6 24. Nc6 Rde8 25. b3 exd5 26. exd5 Qd7 27. Nh2 Ne5 28. f3 cxb3 29. Qxb3 Nxc6 30. dxc6 Qxc6 31. Qxf7 Rhf8 32. Qg6 Qc5+ 33. Kh1 Be5 34. Rfe1 Qf2 35. Rxe5 Rxe5 36. Qxd6 Re1+ 37. Rxe1 Qxe1+ 38. Kg2 Qe2+ 39. Kg1 Qe3+ 40. Kg2 Qe2+ 41. Kg1 Qe3+ 42. Kg2 Rd8 43. Qxa6+ Kc7 44. Nf1 Qb6 45. Qxb6+ Kxb6 46. Ne3 Kc5 47. Nf5 Rh8 48. Kf2 Kc4 49. Nd6+ Kxc3 50. Nxb5+ Kb3 51. Nd4+ Kxa3 52. Ke3 Re8+ 53. Kd3 Kb4 54. Nf5 Re6 55. Kd4 Ka3 56. Kd5 Ra6 57. Ke5 Kb2 58. Nxh6 Rxh6 59. Kf5 Kc3 60. Kxg5 Rh8 61. h6 Kd4 62. Kg6 Ke5 63. Kg7 Rb8 64. h7 Rb7+ 65. Kh6 Rb6+ 66. Kh5 Rb8 67. g5 Kf5 68. g6 Rb1 69. Kh6 Rb8 70. g7 1-0